[Event "European Team-ch 2007 Femenino"]
[Site "Creta GRE"]
[Date "2007.11.04"]
[Round "7.10"]
[White "Medic, Mirjana"]
[Black "Daulyte, Deimante"]
[Result "1-0"]
[WhiteElo "2240"]
[BlackElo "2222"]
[PlyCount "63"]
[EventDate "2007.10.28"]
[EventType "team"]
[EventRounds "9"]
[EventCountry "GRE"]
[Source "lmi"]
[SourceDate "2007.10.28"]
[WhiteTeam "Croatia"]
[BlackTeam "Lithuania"]
[WhiteTeamCountry "CRO"]
[BlackTeamCountry "LTU"]

1. d4 Nf6 2. c4 g6 3. Nc3 Bg7 4. g3 d5 5. cxd5 Nxd5 6. Bg2 Nb6 7. Nf3 O-O 8.
O-O Nc6 9. e3 e5 10. d5 Na5 11. e4 c6 12. Bg5 f6 13. Be3 cxd5 14. exd5 Nac4 15.
Bc5 Rf7 16. b4 Nd6 17. Nd2 Nbc4 18. Nxc4 Nxc4 19. d6 Be6 20. Nb5 Nb2 21. Qc2
Bc4 22. Nc7 Rc8 23. Qxb2 Bxf1 24. Rxf1 b6 25. Bd5 bxc5 26. bxc5 Rb8 27. Bxf7+
Kxf7 28. Qc3 Kg8 29. Rd1 Rc8 30. Qb3+ Kh8 31. c6 Rb8 32. Ne6 1-0

[Event "European Team-ch 2007 Femenino"]
[Site "Creta GRE"]
[Date "2007.11.04"]
[Round "7.10"]
[White "Zaksaite, Salomeja"]
[Black "Sargac, Rajna"]
[Result "1/2-1/2"]
[WhiteElo "2228"]
[BlackElo "2170"]
[PlyCount "131"]
[EventDate "2007.10.28"]
[EventType "team"]
[EventRounds "9"]
[EventCountry "GRE"]
[Source "lmi"]
[SourceDate "2007.10.28"]
[WhiteTeam "Lithuania"]
[BlackTeam "Croatia"]
[WhiteTeamCountry "LTU"]
[BlackTeamCountry "CRO"]

1. e4 c5 2. Nf3 Nc6 3. Bb5 a6 4. Bxc6 dxc6 5. d3 Qc7 6. Be3 e5 7. Nbd2 Bd6 8.
Nc4 Ne7 9. Nfd2 b6 10. a4 a5 11. O-O Ng6 12. Nxd6+ Qxd6 13. Nc4 Qc7 14. b4 b5
15. axb5 cxb5 16. Rxa5 Rxa5 17. Nxa5 cxb4 18. Nb3 O-O 19. Bc5 Re8 20. Bxb4 Nf4
21. Bd2 Ne6 22. Be3 Bd7 23. Qd2 Rc8 24. Rc1 Qd6 25. g3 Nd4 26. Bxd4 exd4 27.
Qf4 Qb4 28. e5 Bh3 29. Nxd4 Qb2 30. Qe3 Ra8 31. Nf3 Rc8 32. Ne1 b4 33. Rd1 Qa2
34. Qe4 b3 35. cxb3 Qxb3 36. Ra1 h6 37. Ra8 Rxa8 38. Qxa8+ Kh7 39. Qe4+ g6 40.
g4 Qd1 41. f3 h5 42. gxh5 Bf5 43. hxg6+ fxg6 44. Qe3 Bxd3 45. e6 Qe2 46. Qxe2
Bxe2 47. Kf2 Bc4 48. e7 Bf7 49. Ke3 Kg7 50. Kf4 Kf6 51. h4 Be8 52. Nd3 Kxe7 53.
Kg5 Kf7 54. Ne5+ Kg7 55. Ng4 Ba4 56. Kf4 Bd1 57. Nf2 Ba4 58. Ke5 Bc6 59. Ne4
Kh6 60. Kf6 Kh5 61. Kf7 Ba8 62. Kf6 Bc6 63. Kf7 Bd5+ 64. Kg7 Ba8 65. Kf6 Bc6
66. Kg7 1/2-1/2

[Event "European Team-ch 2007 Femenino"]
[Site "Creta GRE"]
[Date "2007.11.04"]
[Round "7.10"]
[White "Solic, Kristina"]
[Black "Batyte, Daiva"]
[Result "1/2-1/2"]
[WhiteElo "2148"]
[BlackElo "2198"]
[PlyCount "138"]
[EventDate "2007.10.28"]
[EventType "team"]
[EventRounds "9"]
[EventCountry "GRE"]
[Source "lmi"]
[SourceDate "2007.10.28"]
[WhiteTeam "Croatia"]
[BlackTeam "Lithuania"]
[WhiteTeamCountry "CRO"]
[BlackTeamCountry "LTU"]

1. e4 e5 2. Bc4 Nf6 3. d3 Bc5 4. Nf3 d6 5. c3 O-O 6. O-O h6 7. h3 Bb6 8. Re1 c6
9. Bb3 Nbd7 10. Nbd2 Bc7 11. Nf1 a5 12. Ng3 Nc5 13. Bc2 Ne6 14. Nf5 Nf4 15.
Bxf4 exf4 16. d4 Be6 17. Nh2 h5 18. Qf3 Bxf5 19. exf5 d5 20. Re5 c5 21. Ree1
cxd4 22. cxd4 Bd6 23. Bb3 Bc7 24. Ba4 Qd6 25. a3 Rab8 26. Bb5 Qb6 27. Qd3 Ne4
28. Nf3 Rfd8 29. Rac1 Rbc8 30. a4 Qf6 31. Qc2 Qxf5 32. Bd3 Bb6 33. Qb3 Rxc1 34.
Rxc1 Qf6 35. Re1 Qc6 36. Ne5 Qc7 37. Bxe4 dxe4 38. Rxe4 Bxd4 39. Nd3 f3 40.
gxf3 Qg3+ 41. Kf1 Qxh3+ 42. Ke2 Qd7 43. Qb5 Qxb5 44. axb5 Bf6 45. Nc5 b6 46.
Na4 Rd5 47. Nxb6 Rxb5 48. Re8+ Kh7 49. Nc4 Bxb2 50. Ra8 Bc3 51. Ra7 f6 52. Nd6
Rb2+ 53. Kd3 Rd2+ 54. Kxc3 Rxd6 55. Rxa5 Kg6 56. f4 h4 57. f3 Rd1 58. f5+ Kg5
59. Ra7 Kxf5 60. Rxg7 Ke5 61. Rh7 Rh1 62. Kd3 Kf4 63. Rh6 f5 64. Rh5 h3 65. Ke2
Rh2+ 66. Kf1 Ke3 67. Kg1 Rg2+ 68. Kh1 Rg3 69. Rxf5 Rg2 1/2-1/2

[Event "European Team-ch 2007 Femenino"]
[Site "Creta GRE"]
[Date "2007.11.04"]
[Round "7.11"]
[White "Kopinits, Anna-Christina"]
[Black "Nemcova, Katerina"]
[Result "0-1"]
[WhiteElo "2178"]
[BlackElo "2255"]
[PlyCount "136"]
[EventDate "2007.10.28"]
[EventType "team"]
[EventRounds "9"]
[EventCountry "GRE"]
[Source "lmi"]
[SourceDate "2007.10.28"]
[WhiteTeam "Austria"]
[BlackTeam "Czech Republic"]
[WhiteTeamCountry "AUT"]
[BlackTeamCountry "CZE"]

1. e4 c5 2. b3 d6 3. Bb2 e5 4. Bc4 Nf6 5. d3 Be7 6. Ne2 O-O 7. O-O Nc6 8. Nbc3
Rb8 9. f4 Bg4 10. a4 a6 11. Bd5 Nd4 12. a5 Nxd5 13. exd5 exf4 14. Qd2 Nxe2+ 15.
Nxe2 Bxe2 16. Qxe2 Bf6 17. Bxf6 Qxf6 18. Qf2 Qf5 19. Qf3 Rbe8 20. Ra4 g5 21. g3
Re5 22. gxf4 Rxd5 23. fxg5 Qxf3 24. Rxf3 Rxg5+ 25. Rg3 Rxg3+ 26. hxg3 Re8 27.
Kf2 Re5 28. Rf4 h5 29. d4 Rd5 30. dxc5 Rxc5 31. Rb4 Rxc2+ 32. Kf3 Ra2 33. Rxb7
Rxa5 34. Rb6 d5 35. Kf4 Kg7 36. Ke5 Rb5 37. Rxa6 Rxb3 38. Kxd5 Rxg3 39. Ke4 h4
40. Kf4 Rg6 41. Ra2 h3 42. Rh2 Rh6 43. Kg3 Kg6 44. Kf2 Kg5 45. Kg1 Kg4 46. Ra2
f5 47. Ra8 f4 48. Kh2 Rb6 49. Rg8+ Kf3 50. Ra8 Re6 51. Ra1 Kf2 52. Kxh3 f3 53.
Ra2+ Re2 54. Ra3 Re3 55. Ra1 Re1 56. Ra3 Re2 57. Kg4 Re4+ 58. Kh3 Re3 59. Ra1
Rd3 60. Rb1 Rd2 61. Rb8 Ke1 62. Re8+ Re2 63. Ra8 Kf1 64. Ra1+ Re1 65. Ra2 f2
66. Kh2 Rd1 67. Kg3 Rd3+ 68. Kh2 Ke1 0-1

[Event "European Team-ch 2007 Femenino"]
[Site "Creta GRE"]
[Date "2007.11.04"]
[Round "7.11"]
[White "Blazkova, Petra"]
[Black "Mira, Helene"]
[Result "1/2-1/2"]
[WhiteElo "2239"]
[BlackElo "2174"]
[PlyCount "74"]
[EventDate "2007.10.28"]
[EventType "team"]
[EventRounds "9"]
[EventCountry "GRE"]
[Source "lmi"]
[SourceDate "2007.10.28"]
[WhiteTeam "Czech Republic"]
[BlackTeam "Austria"]
[WhiteTeamCountry "CZE"]
[BlackTeamCountry "AUT"]

1. e4 g6 2. d4 Bg7 3. Nc3 d6 4. g3 Nd7 5. Bg2 e5 6. Nge2 c6 7. O-O Ngf6 8. a4
O-O 9. h3 b6 10. Be3 h6 11. Qd2 Kh7 12. Rad1 Qe7 13. b3 Bb7 14. g4 Rfe8 15. g5
hxg5 16. Bxg5 Qf8 17. dxe5 dxe5 18. Qe3 Nc5 19. f4 Ne6 20. f5 Nxg5 21. Qxg5
Rad8 22. fxg6+ fxg6 23. Rxd8 Rxd8 24. Qxe5 Re8 25. Qg5 Qe7 26. Nf4 Qc5+ 27.
Qxc5 bxc5 28. Rd1 Re7 29. a5 Ba6 30. e5 Rxe5 31. Bxc6 Bh6 32. Ng2 c4 33. b4 Bf8
34. b5 Bc8 35. Rf1 Kg7 36. Nf4 Bf5 37. Kg2 Bxc2 1/2-1/2

[Event "European Team-ch 2007 Femenino"]
[Site "Creta GRE"]
[Date "2007.11.04"]
[Round "7.11"]
[White "Schink, Barbara"]
[Black "Cedikova, Katerina"]
[Result "0-1"]
[WhiteElo "2031"]
[BlackElo "2171"]
[PlyCount "94"]
[EventDate "2007.10.28"]
[EventType "team"]
[EventRounds "9"]
[EventCountry "GRE"]
[Source "lmi"]
[SourceDate "2007.10.28"]
[WhiteTeam "Austria"]
[BlackTeam "Czech Republic"]
[WhiteTeamCountry "AUT"]
[BlackTeamCountry "CZE"]

1. e4 d6 2. d4 g6 3. Nc3 Nf6 4. f4 Bg7 5. Nf3 O-O 6. e5 dxe5 7. fxe5 Nd5 8. Bc4
c6 9. O-O Na6 10. Nxd5 cxd5 11. Be2 Nb4 12. c3 Nc6 13. Kh1 f6 14. exf6 exf6 15.
Bf4 Be6 16. Nd2 Ne7 17. Nb3 b6 18. Bd3 Qd7 19. Qe2 Bg4 20. Qf2 Bf5 21. Be2 g5
22. Bg3 Bg6 23. Rfe1 Nf5 24. Nd2 Rfe8 25. a4 a6 26. Nf1 Nd6 27. Bxd6 Qxd6 28.
Ng3 Qd7 29. Qf1 f5 30. Bxa6 Rxe1 31. Rxe1 f4 32. Bb5 Qd6 33. Ne2 Rf8 34. Ng1 g4
35. Qe2 h5 36. Rf1 Be4 37. Qf2 Bh6 38. Be2 Qg6 39. h3 Kg7 40. Bd1 Rf7 41. Qe2
f3 42. gxf3 gxf3 43. Nxf3 Kh8 44. Qg2 Qf5 45. Rf2 Rg7 46. Qf1 Be3 47. Rh2 Bxf3+
0-1

[Event "European Team-ch 2007 Femenino"]
[Site "Creta GRE"]
[Date "2007.11.04"]
[Round "7.12"]
[White "Houska, Jovanka"]
[Black "Agrest, Svetlana"]
[Result "1-0"]
[WhiteElo "2404"]
[BlackElo "2255"]
[PlyCount "111"]
[EventDate "2007.10.28"]
[EventType "team"]
[EventRounds "9"]
[EventCountry "GRE"]
[Source "lmi"]
[SourceDate "2007.10.28"]
[WhiteTeam "England"]
[BlackTeam "Sweden"]
[WhiteTeamCountry "ENG"]
[BlackTeamCountry "SWE"]

1. e4 e5 2. Nf3 Nc6 3. Bb5 f5 4. d3 fxe4 5. dxe4 Nf6 6. O-O Bc5 7. Qd3 Qe7 8.
Nc3 O-O 9. Bg5 d6 10. Nd5 Qf7 11. Nxf6+ gxf6 12. Bh6 Re8 13. Nh4 Kh8 14. Be3
Bb6 15. Qe2 Rg8 16. Bc4 Be6 17. Bxe6 Qxe6 18. Nf5 Ne7 19. Ng3 d5 20. exd5 Qxd5
21. c4 Qe6 22. c5 Ba5 23. Qb5 Nc6 24. a3 a6 25. Qd3 Rad8 26. Qc2 f5 27. Qxf5
Qxf5 28. Nxf5 Bd2 29. Rad1 Bxe3 30. fxe3 Rgf8 31. e4 Nd4 32. Nxd4 Rxf1+ 33.
Kxf1 exd4 34. Ke2 Kg7 35. Kd3 Kf6 36. Rf1+ Ke6 37. Rf5 c6 38. b4 a5 39. Rh5
axb4 40. axb4 Rd7 41. g3 Kf6 42. Rh6+ Ke5 43. h4 Rg7 44. Rh5+ Kf6 45. Kxd4 Rxg3
46. Rxh7 Rg1 47. Rxb7 Rd1+ 48. Ke3 Re1+ 49. Kd3 Rd1+ 50. Ke2 Rh1 51. Rb6 Ke5
52. Rxc6 Kxe4 53. b5 Rh2+ 54. Kd1 Rxh4 55. b6 Kd5 56. Rc7 1-0

[Event "European Team-ch 2007 Femenino"]
[Site "Creta GRE"]
[Date "2007.11.04"]
[Round "7.12"]
[White "Andersson, Christin"]
[Black "Ciuksyte, Dagne"]
[Result "1/2-1/2"]
[WhiteElo "2209"]
[BlackElo "2411"]
[PlyCount "106"]
[EventDate "2007.10.28"]
[EventType "team"]
[EventRounds "9"]
[EventCountry "GRE"]
[Source "lmi"]
[SourceDate "2007.10.28"]
[WhiteTeam "Sweden"]
[BlackTeam "England"]
[WhiteTeamCountry "SWE"]
[BlackTeamCountry "ENG"]

1. e4 c5 2. Nf3 e6 3. d4 cxd4 4. Nxd4 a6 5. Bd3 Qc7 6. Nc3 Nf6 7. O-O Bc5 8.
Be3 d6 9. Re1 b5 10. Qf3 O-O 11. e5 Bb7 12. Qh3 dxe5 13. Bg5 Nbd7 14. Nf3 e4
15. Nxe4 Nxe4 16. Bxe4 Bxe4 17. Rxe4 Rfe8 18. Rh4 Nf8 19. Rf1 f6 20. Bd2 Rad8
21. a4 e5 22. Qf5 Qd7 23. Qxd7 Rxd7 24. Bb4 Ne6 25. Bxc5 Nxc5 26. axb5 e4 27.
b4 Na4 28. Re1 Nc3 29. bxa6 Kf7 30. Kf1 exf3 31. Rxe8 Kxe8 32. gxf3 Ra7 33. Rc4
Nb5 34. Rc5 Nd6 35. b5 Kd7 36. Rh5 f5 37. c4 Kc7 38. Rh4 Kb6 39. Rd4 Nc8 40.
Ke2 Kc5 41. Kd3 Nb6 42. Rd8 Rc7 43. Rd4 Kb4 44. Rd6 Nxc4 45. b6 Nxd6 46. bxc7
Nc8 47. Kd4 Kb5 48. Kd5 Kxa6 49. Ke6 Kb7 50. Kf7 g6 51. Kg7 Kxc7 52. Kxh7 Ne7
53. Kg7 Kd6 1/2-1/2

[Event "European Team-ch 2007 Femenino"]
[Site "Creta GRE"]
[Date "2007.11.04"]
[Round "7.12"]
[White "Lauterbach, Ingrid"]
[Black "Johansson, Viktoria"]
[Result "1-0"]
[WhiteElo "2124"]
[BlackElo "2203"]
[PlyCount "67"]
[EventDate "2007.10.28"]
[EventType "team"]
[EventRounds "9"]
[EventCountry "GRE"]
[Source "lmi"]
[SourceDate "2007.10.28"]
[WhiteTeam "England"]
[BlackTeam "Sweden"]
[WhiteTeamCountry "ENG"]
[BlackTeamCountry "SWE"]

1. e4 c5 2. Nf3 Nc6 3. Bb5 g6 4. O-O Bg7 5. Re1 e5 6. Nc3 Nge7 7. Nd5 O-O 8. c3
a6 9. Bf1 d6 10. Nxe7+ Qxe7 11. d3 Kh8 12. g3 Bd7 13. a4 Rae8 14. Be3 f5 15.
exf5 gxf5 16. Ng5 Bf6 17. f4 Qg7 18. Nf3 Rc8 19. Bg2 Ne7 20. Qd2 Rg8 21. fxe5
dxe5 22. Bh6 Qf7 23. Nxe5 Bxe5 24. Rxe5 Bc6 25. Rxc5 b6 26. Re5 Bxg2 27. Qxg2
Ng6 28. Re2 Rcd8 29. d4 f4 30. Rf1 Nh4 31. Qf2 f3 32. Ree1 Rd6 33. Qd2 Qg6 34.
Bf4 1-0

[Event "European Team-ch 2007 Femenino"]
[Site "Creta GRE"]
[Date "2007.11.04"]
[Round "7.12"]
[White "Jiretorn, Eva"]
[Black "Grigoryan-Lyell, Meri"]
[Result "1-0"]
[WhiteElo "2121"]
[BlackElo "2040"]
[PlyCount "103"]
[EventDate "2007.10.28"]
[EventType "team"]
[EventRounds "9"]
[EventCountry "GRE"]
[Source "lmi"]
[SourceDate "2007.10.28"]
[WhiteTeam "Sweden"]
[BlackTeam "England"]
[WhiteTeamCountry "SWE"]
[BlackTeamCountry "ENG"]

1. d4 d5 2. c4 e5 3. dxe5 d4 4. Nf3 Nc6 5. g3 Be6 6. Nbd2 Qd7 7. Bg2 Bh3 8. O-O
Bxg2 9. Kxg2 h5 10. h4 Nh6 11. a3 Ng4 12. Qc2 O-O-O 13. b4 Ncxe5 14. Bb2 Nxf3
15. Nxf3 c5 16. Rad1 Qc6 17. Qf5+ Kb8 18. Qxf7 Ne5 19. Qf5 Bd6 20. b5 Qc7 21.
Nxe5 Bxe5 22. e3 Rdf8 23. Qe4 Re8 24. exd4 Bxd4 25. Qc2 Bxb2 26. Qxb2 Re4 27.
Qc3 Rhe8 28. Rd5 g6 29. Rfd1 R4e7 30. Qf6 b6 31. Qxg6 Qb7 32. Qd6+ Ka8 33. Qc6
Qxc6 34. bxc6 Kb8 35. Rxh5 Kc7 36. Rh6 Re6 37. Rd7+ Kxc6 38. Rhh7 Re4 39. Rxa7
Rxc4 40. h5 Rc1 41. Rh6+ Kd5 42. Rxb6 Rc8 43. Rd7+ Ke5 44. h6 c4 45. h7 c3 46.
Rc6 Rf8 47. Rf7 Rh8 48. Rfc7 Kd4 49. g4 Rc2 50. g5 Rf8 51. Rf6 Re8 52. g6 1-0

[Event "European Team-ch 2007 Femenino"]
[Site "Creta GRE"]
[Date "2007.11.04"]
[Round "7.13"]
[White "Atalik, Ekaterina"]
[Black "Sammalvuo, Niina"]
[Result "1-0"]
[WhiteElo "2404"]
[BlackElo "2254"]
[PlyCount "61"]
[EventDate "2007.10.28"]
[EventType "team"]
[EventRounds "9"]
[EventCountry "GRE"]
[Source "lmi"]
[SourceDate "2007.10.28"]
[WhiteTeam "Turkey"]
[BlackTeam "Finland"]
[WhiteTeamCountry "TUR"]
[BlackTeamCountry "FIN"]

1. d4 Nf6 2. c4 e6 3. Nc3 Bb4 4. Qc2 c5 5. dxc5 O-O 6. a3 Bxc5 7. Nf3 Qb6 8. e3
Qc7 9. b3 Be7 10. Bb2 h6 11. Be2 a6 12. g4 Nxg4 13. Rg1 f5 14. h3 Nf6 15. Nh4
d6 16. O-O-O Nbd7 17. Nd5 Qd8 18. Nxe7+ Qxe7 19. Ng6 Qf7 20. Nxf8 Qxf8 21. Rg3
g5 22. f4 Ne4 23. Rg2 b5 24. h4 bxc4 25. hxg5 hxg5 26. Bxc4 Ndf6 27. fxg5 Nd5
28. Rxd5 Bb7 29. Rh2 exd5 30. Bxd5+ Bxd5 31. Qc7 1-0

[Event "European Team-ch 2007 Femenino"]
[Site "Creta GRE"]
[Date "2007.11.04"]
[Round "7.13"]
[White "Puuska, Heini"]
[Black "Topel, Zehra"]
[Result "0-1"]
[WhiteElo "2016"]
[BlackElo "2246"]
[PlyCount "66"]
[EventDate "2007.10.28"]
[EventType "team"]
[EventRounds "9"]
[EventCountry "GRE"]
[Source "lmi"]
[SourceDate "2007.10.28"]
[WhiteTeam "Finland"]
[BlackTeam "Turkey"]
[WhiteTeamCountry "FIN"]
[BlackTeamCountry "TUR"]

1. d4 Nf6 2. Nf3 g6 3. Nc3 Bg7 4. e4 d6 5. Be3 c6 6. h3 b5 7. Bd3 a6 8. Ne2
Nbd7 9. Qd2 e5 10. c3 Qe7 11. Ng3 exd4 12. cxd4 c5 13. O-O O-O 14. Bh6 c4 15.
Bxg7 Kxg7 16. Bc2 h6 17. Rfe1 Bb7 18. Nh4 Qe6 19. f4 Ng8 20. f5 Qf6 21. Nf3
Rfe8 22. Qf4 Kh8 23. e5 dxe5 24. dxe5 Qb6+ 25. Kh1 g5 26. Qd2 Bxf3 27. Qxd7 Qf2
28. gxf3 Qxf3+ 29. Kh2 Rad8 30. Qxd8 Qf2+ 31. Kh1 Rxd8 32. Re2 Qxg3 33. e6 Qf3+
0-1

[Event "European Team-ch 2007 Femenino"]
[Site "Creta GRE"]
[Date "2007.11.04"]
[Round "7.14"]
[White "Tsiganova, Monika"]
[Black "Markantonaki, Haritomeni"]
[Result "1-0"]
[WhiteElo "2216"]
[BlackElo "2161"]
[PlyCount "97"]
[EventDate "2007.10.28"]
[EventType "team"]
[EventRounds "9"]
[EventCountry "GRE"]
[Source "lmi"]
[SourceDate "2007.10.28"]
[WhiteTeam "Estonia"]
[BlackTeam "GRE2"]
[WhiteTeamCountry "EST"]

1. d4 Nf6 2. c4 e6 3. Nf3 b6 4. e3 Bb7 5. Bd3 d5 6. Nbd2 Bd6 7. O-O O-O 8. b3
Nbd7 9. Bb2 Ne4 10. Qc2 f5 11. Ne5 Qe7 12. f4 Ndf6 13. Ndf3 dxc4 14. bxc4 c5
15. a4 Rac8 16. Qb3 Ng4 17. Nxg4 fxg4 18. Bxe4 Bxe4 19. Ng5 Bf5 20. e4 h6 21.
exf5 hxg5 22. Rae1 Rxf5 23. d5 gxf4 24. Rxe6 Qd7 25. Rg6 Rf7 26. Qd1 Rcf8 27.
Rxg4 Qf5 28. Re1 f3 29. gxf3 Qh5 30. Qd2 Qh7 31. Qg2 Bf4 32. Re4 Be3+ 33. Kh1
Bd4 34. Bxd4 cxd4 35. Rg3 d3 36. Reg4 Re7 37. Qb2 Rfe8 38. Rg1 d2 39. Qxd2 Re2
40. Qf4 Rf8 41. Qc7 Rf7 42. Qb8+ Rf8 43. Qg3 Rf7 44. d6 Qh6 45. Rg6 Qh7 46. f4
Kf8 47. f5 Rxf5 48. d7 Rd2 49. Qb8+ 1-0

[Event "European Team-ch 2007 Femenino"]
[Site "Creta GRE"]
[Date "2007.11.04"]
[Round "7.14"]
[White "Petraki, Maria"]
[Black "Fomina, Tatyana"]
[Result "1/2-1/2"]
[WhiteElo "2099"]
[BlackElo "2248"]
[PlyCount "112"]
[EventDate "2007.10.28"]
[EventType "team"]
[EventRounds "9"]
[EventCountry "GRE"]
[Source "lmi"]
[SourceDate "2007.10.28"]
[WhiteTeam "GRE2"]
[BlackTeam "Estonia"]
[BlackTeamCountry "EST"]

1. e4 c5 2. Nc3 e6 3. f4 Nc6 4. Nf3 a6 5. g3 d5 6. d3 Nf6 7. e5 Nd7 8. Bg2 Be7
9. O-O O-O 10. Kh1 f5 11. exf6 Bxf6 12. Re1 Re8 13. Qe2 Nf8 14. Ne5 Bd7 15. Qf2
Rc8 16. Nxd7 Qxd7 17. Bd2 Nd4 18. Rac1 b5 19. Nd1 Nf5 20. c3 c4 21. d4 b4 22.
Ne3 Nxe3 23. Bxe3 bxc3 24. bxc3 g6 25. g4 Rb8 26. f5 exf5 27. gxf5 Rb6 28. Qf3
Rd8 29. fxg6 Nxg6 30. Bh3 Qg7 31. Rg1 Kh8 32. Rcf1 Qe7 33. Bh6 Qe4 34. Bg2 Qxf3
35. Bxf3 Rbd6 36. Bh5 Bg7 37. Bg5 Rf8 38. Rxf8+ Bxf8 39. Rb1 h6 40. Bd2 Kg7 41.
Bf3 Nh4 42. Bh5 Rf6 43. Rg1+ Kh7 44. Be1 Nf5 45. Bd1 Ne3 46. Ba4 Bd6 47. Be8
Bf4 48. Bh4 Bg5 49. Bg3 Bf4 50. Bh4 Bg5 51. Bg3 Nf5 52. Be5 Rf8 53. Bd7 Nh4 54.
Bg3 Nf5 55. Be5 Nh4 56. Bg3 Nf5 1/2-1/2

[Event "European Team-ch 2007 Femenino"]
[Site "Creta GRE"]
[Date "2007.11.04"]
[Round "7.14"]
[White "Narva, Regina"]
[Black "Pavlidou, Ekaterini"]
[Result "0-1"]
[WhiteElo "2067"]
[BlackElo "2003"]
[PlyCount "94"]
[EventDate "2007.10.28"]
[EventType "team"]
[EventRounds "9"]
[EventCountry "GRE"]
[Source "lmi"]
[SourceDate "2007.10.28"]
[WhiteTeam "Estonia"]
[BlackTeam "GRE2"]
[WhiteTeamCountry "EST"]

1. e4 c5 2. Nf3 e6 3. d4 cxd4 4. Nxd4 Nf6 5. Bd3 Nc6 6. Nxc6 bxc6 7. e5 Qa5+ 8.
Nc3 Qxe5+ 9. Ne2 Bc5 10. h3 d5 11. O-O Qc7 12. c3 e5 13. b4 Be7 14. a4 O-O 15.
Kh1 Bd7 16. Ng3 Qc8 17. Kh2 e4 18. Bc2 Bd6 19. Bg5 Be5 20. Qd2 Qc7 21. Kh1 Bxg3
22. Bxf6 Bf4 23. Qd4 gxf6 24. Qxf6 Qe5 25. Qh4 Qg5 26. Qxg5+ Bxg5 27. c4 dxc4
28. Bxe4 Rab8 29. Rab1 Rfe8 30. Bf3 c3 31. Bd1 Bf5 32. Rb3 c2 33. Bxc2 Bxc2 34.
Rg3 Rxb4 35. Rxg5+ Kf8 36. Rc1 Bxa4 37. Ra5 Re2 38. f3 Bb5 39. Rxa7 Rbb2 40.
Rg1 c5 41. Rc7 c4 42. Kh2 Rb3 43. Kg3 Re6 44. Ra1 Rc6 45. Rxc6 Bxc6 46. Rc1 c3
47. Kf4 Ba4 0-1

[Event "European Team-ch 2007 Femenino"]
[Site "Creta GRE"]
[Date "2007.11.05"]
[Round "8.1"]
[White "Muhren, Bianca"]
[Black "Kosintseva, Tatiana"]
[Result "1/2-1/2"]
[WhiteElo "2303"]
[BlackElo "2492"]
[PlyCount "64"]
[EventDate "2007.10.28"]
[EventType "team"]
[EventRounds "9"]
[EventCountry "GRE"]
[Source "lmi"]
[SourceDate "2007.10.28"]
[WhiteTeam "Netherlands"]
[BlackTeam "Russia"]
[WhiteTeamCountry "NED"]
[BlackTeamCountry "RUS"]

1. e4 e5 2. Nc3 Nf6 3. Bc4 Bc5 4. d3 Nc6 5. Bg5 h6 6. Bh4 a6 7. a3 d6 8. Nge2
g5 9. Bg3 Nh5 10. Nd5 Be6 11. Nec3 Nf4 12. Bxf4 gxf4 13. Qh5 Nd4 14. O-O-O c6
15. Nb4 a5 16. Nba2 b5 17. Bxe6 Nxe6 18. Rdf1 Qb6 19. Qh4 a4 20. Kd2 Rg8 21.
Rhg1 b4 22. axb4 Bxb4 23. Qxh6 a3 24. Nxb4 Qxb4 25. Ra1 a2 26. Qf6 Nd4 27. Kc1
Ra3 28. bxa3 Qxc3 29. Rxa2 Nb3+ 30. Kb1 Nd2+ 31. Kc1 Nb3+ 32. Kb1 Nd2+ 1/2-1/2

[Event "European Team-ch 2007 Femenino"]
[Site "Creta GRE"]
[Date "2007.11.05"]
[Round "8.1"]
[White "Kosintseva, Nadezhda"]
[Black "Schuurman, Petra"]
[Result "1-0"]
[WhiteElo "2469"]
[BlackElo "2281"]
[PlyCount "80"]
[EventDate "2007.10.28"]
[EventType "team"]
[EventRounds "9"]
[EventCountry "GRE"]
[Source "lmi"]
[SourceDate "2007.10.28"]
[WhiteTeam "Russia"]
[BlackTeam "Netherlands"]
[WhiteTeamCountry "RUS"]
[BlackTeamCountry "NED"]

1. e4 c6 2. d4 d5 3. e5 Bf5 4. Nf3 e6 5. Be2 Nd7 6. O-O Bg6 7. Nbd2 Nh6 8. c3
Nf5 9. Ne1 c5 10. Ndf3 Be7 11. Nd3 Bh5 12. Nf4 Bxf3 13. Bxf3 O-O 14. Bg4 g6 15.
Bxf5 gxf5 16. Be3 Kh8 17. Qh5 Qe8 18. Rac1 Rc8 19. Qe2 c4 20. Kh1 Rg8 21. f3
Rc6 22. Rce1 b5 23. a3 a5 24. Bc1 b4 25. axb4 axb4 26. Rg1 Rb6 27. g3 bxc3 28.
bxc3 Rb3 29. Qc2 Nb6 30. g4 Na4 31. Ne2 fxg4 32. fxg4 f6 33. exf6 Bxf6 34. Nf4
Rxc3 35. Qf2 Bg7 36. Nxe6 Rxc1 37. Ng5 Rxe1 38. Rxe1 Qxe1+ 39. Qxe1 Bxd4 40.
Qh4 Rg7 1-0

[Event "European Team-ch 2007 Femenino"]
[Site "Creta GRE"]
[Date "2007.11.05"]
[Round "8.1"]
[White "Bensdorp, Marlies"]
[Black "Korbut, Ekaterina"]
[Result "0-1"]
[WhiteElo "2263"]
[BlackElo "2443"]
[PlyCount "100"]
[EventDate "2007.10.28"]
[EventType "team"]
[EventRounds "9"]
[EventCountry "GRE"]
[Source "lmi"]
[SourceDate "2007.10.28"]
[WhiteTeam "Netherlands"]
[BlackTeam "Russia"]
[WhiteTeamCountry "NED"]
[BlackTeamCountry "RUS"]

1. d4 d5 2. Nf3 Nf6 3. c4 dxc4 4. e3 a6 5. Bxc4 e6 6. O-O c5 7. Bb3 b5 8. a4 b4
9. Nbd2 Be7 10. dxc5 O-O 11. Qc2 Bb7 12. Bc4 Qc7 13. b3 Nbd7 14. Bb2 Rac8 15.
Rac1 Qb8 16. Rfd1 Rxc5 17. Qd3 Qa8 18. Qe2 Rfc8 19. h3 R5c7 20. Qf1 Nd5 21. Re1
Bf6 22. Bxf6 N7xf6 23. Ne5 Nc3 24. Nd3 a5 25. f3 Nfd5 26. Bxd5 exd5 27. Qf2 h6
28. Ra1 Qa6 29. Nf4 Qf6 30. Qg3 g5 31. Kh2 Kh7 32. Nd3 Ba6 33. Nf2 Ne2 34. Ng4
Qe6 35. Qe5 h5 36. Qxe6 fxe6 37. Ne5 Rc2 38. Nf1 Kg7 39. Rad1 Kf6 40. Nd7+ Ke7
41. Ne5 R8c3 42. Rb1 Rc7 43. f4 Kf6 44. Ng3 Nxg3 45. Kxg3 gxf4+ 46. exf4 Rg7+
47. Kf3 d4 48. g4 Bb7+ 49. Kg3 h4+ 50. Kxh4 Rh7+ 0-1

[Event "European Team-ch 2007 Femenino"]
[Site "Creta GRE"]
[Date "2007.11.05"]
[Round "8.2"]
[White "Socko, Monika"]
[Black "Danielian, Elina"]
[Result "1/2-1/2"]
[WhiteElo "2473"]
[BlackElo "2458"]
[PlyCount "119"]
[EventDate "2007.10.28"]
[EventType "team"]
[EventRounds "9"]
[EventCountry "GRE"]
[Source "lmi"]
[SourceDate "2007.10.28"]
[WhiteTeam "Poland"]
[BlackTeam "Armenia"]
[WhiteTeamCountry "POL"]
[BlackTeamCountry "ARM"]

1. d4 d5 2. c4 c6 3. cxd5 cxd5 4. Nc3 Nf6 5. Bf4 a6 6. e3 Nc6 7. Bd3 Bg4 8.
Nge2 e6 9. O-O Be7 10. Rc1 O-O 11. Na4 Rc8 12. a3 Bh5 13. Nc5 Bxc5 14. Rxc5 Bg6
15. Bg5 Qb6 16. Bxf6 gxf6 17. f4 Ne7 18. b4 Qd6 19. Ng3 b6 20. Rxc8 Rxc8 21. f5
exf5 22. Rf4 a5 23. h4 axb4 24. axb4 Qxb4 25. h5 Qa3 26. Kh2 Rc3 27. hxg6 hxg6
28. Nxf5 gxf5 29. Bxf5 Rxe3 30. Qh5 Nxf5 31. Qxf5 Qd6 32. Qc8+ Kg7 33. g3 Re2+
34. Kh1 Re4 35. Qg4+ Kf8 36. Qc8+ Re8 37. Qc3 Qe6 38. Kg2 Qe2+ 39. Rf2 Qe4+ 40.
Kh2 Kg7 41. Rf3 Rh8+ 42. Kg2 Qe2+ 43. Rf2 Qh5 44. Rf1 Qh3+ 45. Kf2 Qh2+ 46. Kf3
Rh5 47. Qd3 Rg5 48. Kf4 Qh3 49. Rg1 Rg4+ 50. Kf3 Re4 51. Kf2 Qf5+ 52. Qf3 Qg5
53. Rd1 f5 54. Qd3 f4 55. Rh1 fxg3+ 56. Kg2 Qg4 57. Rh3 Re2+ 58. Kg1 Qxh3 59.
Qg6+ Kf8 60. Qxf7+ 1/2-1/2